00933cam a22003254i 4500003000900000005001700009008004100026035001900067040003300086082001900119100002900138245002300167264005000190300003000240336002100270337002500291338002300316505017200339526001000511526001000521526001000531526001000541526000800551526000800559526000800567526000800575526000800583526000800591526000800599PE-LiUPU20250731173209.0150625s r 000 0 d a(Sirsi) a31762 aPE-LiUPUbspacPE-LiUPUerda04a221.9bE332211 aEissfeldt, Otto,eautor.14aThe Old Testament. 1aNew York :bHapper and Row, Publisher,c1966. a361 páginas ;c25.5 cm. atext2rdacontent aunmediated2rdamedia avolume2rdacarrier0 aThe preliterary stage: The smallest units and their setting in life. -The literary prehistory of the books of the old tesThe analysis testament. -The Canon. -The text. aSEG42 aSEG41 aSEG40 aSEG39 aP94 aP87 aP86 aP85 aP77 aP76 aP35